Statistics for Tuva Quiz

Click here to take the quiz!

General Stats

  • This quiz has been taken 10 times
  • The average score is 11 of 15

Answer Stats

HintAnswer% Correct
Russian Republics Tuva BordersBuryatia
100%
Country that Tuva BordersMongolia
100%
Official LanguagesRussian
100%
Largest Ethnic GroupsRussian
100%
Largest Ethnic GroupsTuvan
100%
Official LanguagesTuvan
100%
Russian Republics Tuva BordersAltai
88%
Largest ReligionBuddhism
88%
Largest Ethnic GroupsKhakas
88%
Russian Republics Tuva BordersKhakassia
75%
Time ZoneUTC {+7}
75%
Capital CityKyzyl
63%
Federal District it's located itSiberian
25%
Economic Region it's located itEast Siberian
13%
Tuva's ISO 3166 codeRU-TY
13%

Score Distribution

Percentile by Number Answered

Percent of People with Each Score

Your Score History

You have not taken this quiz